000 00643nam a2200229Ia 4500
003 OSt
005 20220928140716.0
006 a|||||r|||| 00| 0
007 ta
008 220927b |||||||| |||| 00| 0 eng d
024 _a11245
037 _cTextual
040 _aSDCL
_cSDCL
_beng
041 _2eng
_aeng
082 _aX:78-87, P4
100 _aBurkholder Nicholas C
_9497174
245 0 _aOn staffing
_b Advice and perspectives from HR leaders
260 _c2004
700 _a Edwards Preston J
_9497175
942 _hX:78-87, P4
_cTEXL
_2CC
999 _c813690
_d813690